000
00234nam a2200097Ia 4500
008
190216s9999||||xx |||||||||||||| ||und||
100
_a
Kamaleswar
245
0
_a
Hindi-Subah Dophar Shyam
260
_b
University Of Calicut
942
_c
BK
999
_c
15571
_d
15571